[Event "BCF-chT3E 2224 (4NCL)"]
[Site "England"]
[Date "2024.01.13"]
[Round "3.43"]
[White "Habershon, Paul F"]
[Black "Gilmore, Simon N"]
[Result "0-1"]
[WhiteElo "1970"]
[BlackElo "2053"]
[PlyCount "78"]
[EventDate "2023.11.11"]
[EventType "team-tourn"]
[EventRounds "11"]
[EventCountry "ENG"]
[SourceTitle "CB11_2024"]
[SourceDate "2024.03.13"]
[SourceVersion "1"]
[SourceVersionDate "2024.03.13"]
[SourceQuality "1"]
[WhiteTeam "MK Phoenix"]
[BlackTeam "Iceni"]
[WhiteTeamCountry "ENG"]
[BlackTeamCountry "ENG"]

1. e4 c6 2. d4 d5 3. exd5 cxd5 4. Bd3 Nc6 5. c3 Nf6 6. Nf3 Bg4 7. h3 Bh5 8. Bf4 e6 9. Nbd2 Be7 10. 0-0 0-0 11. Re1 Rc8 12. Qb3 Na5 13. Qa4 a6 14. g4 Bg6 15. Bxg6 hxg6 16. Ne5 b5 17. Qc2 Nc4 18. Ndxc4 dxc4 19. Nxg6 fxg6 20. Qxg6 Qe8 21. Qxe8 Rcxe8 22. Rxe6 Nd5 23. Bg3 Rf6 24. Re5 Nf4 25. Bxf4 Rxf4 26. Rae1 Kf7 27. g5 g6 28. Kg2 Rf5 29. Rxf5+ gxf5 30. h4 Rh8 31. g6+ Kf6 32. d5 Bd8 33. Re6+ Kg7 34. d6 Bxh4 35. d7 Rh6 36. Kf3 Rxg6 37. Re8 Rd6 38. Ra8 Bg5 39. Ra7 Kf8 0-1

[Event "BCF-chT3Sb 1718 (4NCL)"]
[Site "England"]
[Date "2018.03.24"]
[Round "7.75"]
[White "Habershon, Paul F"]
[Black "Burrows, Nick"]
[Result "1-0"]
[WhiteElo "1999"]
[BlackElo "1920"]
[PlyCount "103"]
[EventDate "2017.11.11"]
[EventType "team-tourn"]
[EventRounds "11"]
[EventCountry "ENG"]
[SourceTitle "EXT 2020"]
[Source "ChessBase"]
[SourceDate "2019.10.17"]
[SourceVersion "1"]
[SourceVersionDate "2019.10.17"]
[SourceQuality "1"]
[WhiteTeam "MK Phoenix"]
[BlackTeam "Oxford II"]
[WhiteTeamCountry "ENG"]
[BlackTeamCountry "ENG"]

1. e4 g6 2. d4 Bg7 3. c4 d6 4. Nc3 e5 5. Nf3 Nc6 6. dxe5 Nxe5 7. Nxe5 dxe5 8. Qxd8+ Kxd8 9. Bg5+ f6 10. 0-0-0+ Bd7 11. Be3 c6 12. Be2 Bh6 13. Bg4 f5 14. exf5 Kc7 15. Rxd7+ Kxd7 16. fxg6+ Kc7 17. gxh7 Bxe3+ 18. fxe3 Nh6 19. Bf3 Rxh7 20. Ne4 Nf5 21. Ng5 Rh4 22. b3 Ng3 23. Rd1 Rxh2 24. Ne6+ Kb6 25. c5+ Ka5 26. Rd7 e4 27. Bd1 Rxg2 28. Rd4 b5 29. Nc7 Ne2+ 30. Bxe2 Rh8 31. Bd1 b4 32. a3 Rb8 33. Rxe4 Rg5 34. Ne6 Rd5 35. Rc4 Rd3 36. Nd4 Rc8 37. axb4+ Ka6 38. Be2 Rxe3 39. Rc3+ Rxe2 40. Nxe2 Rd8 41. Kc2 Kb7 42. Re3 Rd5 43. Re7+ Ka6 44. Re6 Kb7 45. Rd6 Rh5 46. Rd7+ Ka6 47. Rc7 Rh6 48. Kb2 Rh2 49. Re7 Rf2 50. Ka3 Rh2 51. Re6 Kb7 52. Nd4 1-0

[Event "BCF-chT3S 1617 (4NCL) Promotion pool"]
[Site "England"]
[Date "2017.04.30"]
[Round "10.43"]
[White "Habershon, Paul F"]
[Black "McGann, Gary"]
[Result "1/2-1/2"]
[WhiteElo "2031"]
[BlackElo "2109"]
[PlyCount "28"]
[EventDate "2016.11.26"]
[EventType "team-tourn"]
[EventRounds "11"]
[EventCountry "ENG"]
[SourceTitle "EXT 2019"]
[Source "ChessBase"]
[SourceDate "2018.10.10"]
[SourceVersion "1"]
[SourceVersionDate "2018.10.10"]
[SourceQuality "1"]
[WhiteTeam "MK Phoenix"]
[BlackTeam "Leeds University Old Boys"]
[WhiteTeamCountry "ENG"]
[BlackTeamCountry "ENG"]

1. e4 b6 2. d4 Bb7 3. Bd3 Nf6 4. Qe2 Nc6 5. c3 e5 6. d5 Ne7 7. c4 Ng6 8. Bd2 c6 9. Nf3 Bc5 10. b4 Bd6 11. 0-0 0-0 12. g3 Re8 13. Bc2 Rc8 14. Bb3 Qe7 1/2-1/2

[Event "BCF-ch Week2 AM op"]
[Site "Bournemouth"]
[Date "2016.08.05"]
[Round "5"]
[White "Ai, Farshad"]
[Black "Habershon, Paul F"]
[Result "1/2-1/2"]
[WhiteElo "1956"]
[BlackElo "2019"]
[PlyCount "67"]
[EventDate "2016.08.01"]
[EventType "swiss"]
[EventRounds "5"]
[EventCountry "ENG"]
[SourceTitle "CBM 173 Extra"]
[Source "ChessBase"]
[SourceDate "2016.08.29"]
[SourceVersion "1"]
[SourceVersionDate "2016.08.29"]
[SourceQuality "1"]

1. d4 Nf6 2. Bf4 d6 3. e3 g6 4. h3 Bg7 5. Nf3 0-0 6. Be2 Nbd7 7. 0-0 b6 8. c4 Bb7 9. Nc3 Re8 10. Bh2 e5 11. Rc1 exd4 12. Nxd4 Nc5 13. b4 Nce4 14. Nxe4 Nxe4 15. Bf3 a5 16. a3 axb4 17. axb4 Qe7 18. Re1 Ra2 19. Rc2 Rea8 20. Rxa2 Rxa2 21. Bxe4 Qxe4 22. f3 Qh4 23. Re2 Rxe2 24. Qxe2 Bxd4 25. exd4 Qxd4+ 26. Kh1 Qa1+ 27. Bg1 Kf8 28. Qd2 Bc8 29. c5 bxc5 30. bxc5 Ke7 31. cxd6+ cxd6 32. Kh2 Qe5+ 33. f4 Qe4 34. Bd4 1/2-1/2

[Event "BCF-ch Seniors 65"]
[Site "Bournemouth"]
[Date "2016.07.26"]
[Round "3"]
[White "Habershon, Paul F"]
[Black "Stimpson, Philip M"]
[Result "1/2-1/2"]
[WhiteElo "2019"]
[BlackElo "1946"]
[PlyCount "62"]
[EventDate "2016.07.24"]
[EventType "swiss"]
[EventRounds "7"]
[EventCountry "ENG"]
[SourceTitle "CBM 173 Extra"]
[Source "ChessBase"]
[SourceDate "2016.08.29"]
[SourceVersion "1"]
[SourceVersionDate "2016.08.29"]
[SourceQuality "1"]

1. Nf3 Nf6 2. c4 c5 3. Nc3 Nc6 4. g3 g6 5. Bg2 Bg7 6. 0-0 0-0 7. d3 d6 8. Bd2 a6 9. a3 Rb8 10. Rb1 b5 11. cxb5 axb5 12. b4 cxb4 13. axb4 Bd7 14. Qc1 Qc8 15. Rd1 Re8 16. Ng5 Nd4 17. e3 Ne6 18. Nxe6 Bxe6 19. Qa3 Qd7 20. Ra1 Rec8 21. Qa7 Kf8 22. Ra5 Qxa7 23. Rxa7 Bb3 24. Rc1 Ne8 25. Ra3 Be6 26. Kf1 Bd7 27. Ke2 Bc6 28. Bxc6 Rxc6 29. Nd5 Rxc1 30. Bxc1 Rc8 31. Bd2 Bb2 1/2-1/2

[Event "BCF-ch Seniors 65"]
[Site "Bournemouth"]
[Date "2016.07.25"]
[Round "2"]
[White "Blewitt, Stephen"]
[Black "Habershon, Paul F"]
[Result "0-1"]
[WhiteElo "1934"]
[BlackElo "2019"]
[PlyCount "62"]
[EventDate "2016.07.24"]
[EventType "swiss"]
[EventRounds "7"]
[EventCountry "ENG"]
[SourceTitle "CBM 173 Extra"]
[Source "ChessBase"]
[SourceDate "2016.08.29"]
[SourceVersion "1"]
[SourceVersionDate "2016.08.29"]
[SourceQuality "1"]

1. b3 e5 2. Bb2 d6 3. e3 g6 4. f4 Bg7 5. g3 Nc6 6. Bg2 Nge7 7. Ne2 Be6 8. 0-0 Qd7 9. d4 exd4 10. exd4 Bh3 11. Na3 h5 12. Nc4 Bxg2 13. Kxg2 h4 14. Ng1 hxg3 15. hxg3 0-0-0 16. c3 Nf5 17. Qf3 Rh7 18. Ne2 Rdh8 19. Rh1 Qe8 20. Rxh7 Rxh7 21. Rh1 Rxh1 22. Kxh1 Qxe2 23. Qxe2 Nxg3+ 24. Kg2 Nxe2 25. Kf3 Nexd4+ 26. cxd4 Bxd4 27. Ba3 Kd7 28. Ke4 Bg7 29. Ne3 f5+ 30. Kd5 b5 31. Nc2 Ne7# 0-1